00377 2200157 4500001002100000008004100021035002000062245003900082100001700121250000600138260002700144084001400171082000800185650001400193990001200207INLIS000000000001191 ind  a0010-0524000426 aPsikologi PertumbuhancMif Baihagi aBaihagi, Mif a1 aBandung :bROSDAc2008 a150 MIF p a150 aNon Fiksi a0713602